| 000 | 01073nam a22004097a 4500 | ||
|---|---|---|---|
| 001 | BR2016000839 | ||
| 003 | BR-BrBNA | ||
| 005 | 20230928104814.0 | ||
| 007 | ta | ||
| 008 | 230509b bl.||||| |||| 00| 0 por d | ||
| 040 |
_aBR-BrBNA _bpor _cBiblioteca Nacional de Agricultura |
||
| 041 | _a(Por) | ||
| 072 |
_aF08 _b1910 |
||
| 090 | _ 1910 BR2016000839 | ||
| 100 | 1 | _aSuhako, A.T. | |
| 100 | 1 | _aVilla, M.R. | |
| 100 | 1 | _aLara, L.A. | |
| 100 | 1 | _aLorençoni, P.H.L. | |
| 100 | 1 | _aCosta, L.P.F. da | |
| 100 | 1 | _aLesse, G.S. | |
| 100 | 1 | _aOliveira, G. da S. | |
| 110 | 1 |
_aMatsuda, SP (Brasil) _96708 |
|
| 245 | 1 | _aPastagem estabelecimento e manejo | |
| 250 | 1 | _a1. ed. | |
| 260 | 3 |
_aSão Paulo, SP (Brasil): _c2011. |
|
| 300 | _a122 p. | ||
| 500 | _aBibliography p. 119-122; 115 illus.; 7 tables | ||
| 650 | _aPASTAGEM | ||
| 650 | _aAMOSTRAGEM | ||
| 650 | _aADUBAÇÃO | ||
| 650 | _aANÁLISE DO SOLO | ||
| 650 | _aSEMENTE | ||
| 650 | _aPLANTIO DIRETO | ||
| 650 | _aPLANTA FORRAGEIRA | ||
| 909 |
_a202309 _bLucia _c55 _dLucia Elande |
||
| 942 | _cBK | ||
| 999 |
_c81849 _d81849 |
||